Pedagogia: temas fundamentales
-д хадгалсан:
| Үндсэн зохиолч: | |
|---|---|
| Формат: | Ном |
| Хэл сонгох: | испани |
| Хэвлэсэн: |
Buenos Aires
Kapelusz
1973
|
| Цуврал: | Biblioteca de cultura pedagógica, 107
|
| Нөхцлүүд: | |
| Шошгууд: |
Шошго нэмэх
Шошго байхгүй, Энэхүү баримтыг шошголох эхний хүн болох!
|
MARC
| LEADER | 00000nam a2200000 a 4500 | ||
|---|---|---|---|
| 001 | UCW4643 | ||
| 003 | CL-VaPUC | ||
| 008 | 900611e19730000AG |||||||||||||||||spa|d | ||
| 082 | 0 | 4 | |a 370.1 |b LEM |2 21 |
| 100 | |a Lemus, Luis Arturo |e author |9 541155 | ||
| 245 | 1 | 0 | |a Pedagogia: temas fundamentales |
| 300 | |a 348 p | ||
| 942 | |c BK | ||
| 945 | |d 19900611 00:00:00 | ||
| 260 | |a Buenos Aires |b Kapelusz |c 1973 | ||
| 650 | 0 | |a Filosofía de la educación |9 258384 | |
| 650 | 0 | |a Pedagogía |9 255351 | |
| 650 | 0 | |a Formación profesional de profesores |9 307493 | |
| 583 | |a last modification |c 19900611 00:00:00 |k Rodrigo Vera | ||
| 490 | 0 | |a Biblioteca de cultura pedagógica, 107 | |
| 999 | |c 218313 |d 218311 | ||
| 952 | |0 0 |1 0 |4 0 |6 370_100000000000000_LEM_1973 |7 0 |8 P |9 207662 |a BIBEDU |b BIBEDU |c BIBEDU_PB |d 2019-11-15 |i 2754657 |o 370.1 LEM 1973 |p 2754657 |r 2024-01-25 |w 2019-11-15 |y BK |k EDU | ||
| 952 | |0 0 |1 0 |4 0 |6 370_100000000000000_LEM_1973 |7 0 |8 P |9 207663 |a BIBEDU |b BIBEDU |c BIBEDU_PB |d 2019-11-15 |i 1548557 |o 370.1 LEM 1973 |p 1548557 |r 2024-01-25 |w 2019-11-15 |y BK |k EDU | ||
| 952 | |0 0 |1 0 |4 0 |6 370_100000000000000_LEM_1973 |7 0 |8 P |9 207664 |a BIBEDU |b BIBEDU |c BIBEDU_PB |d 2019-11-15 |i 1548565 |o 370.1 LEM 1973 |p 1548565 |r 2024-01-25 |w 2019-11-15 |y BK |k EDU | ||